000
00313nam a22001337a 4500
003
SGT
082
_a
370
_b
D14T
100
_a
THAKUR, DR. J.K.
245
_a
DEVELOPMENT OF EDUCATION SYSTEM IN INDIA
260
_a
NEW DELHI
_b
KHEL SAHITYA KENDRA
_c
2014
300
_a
305
650
_a
EDUCATION
942
_2
ddc
_c
BK
_0
2
999
_c
12319
_d
12319